The value of landed property demonstrated by practical deductions and illustrations, tending especially to facilitate the valuation of estates as applicable to the purposes of agriculture (Record no. 114019)
[ view plain ]
| 000 -LEADER | |
|---|---|
| fixed length control field | 00672cam a22001815a 4500 |
| 001 - CONTROL NUMBER | |
| control field | L156083 |
| 008 - FIXED-LENGTH DATA ELEMENTS--GENERAL INFORMATION | |
| fixed length control field | 120430s1844 xxk f 000 0 eng d |
| 035 ## - SYSTEM CONTROL NUMBER | |
| System control number | (Sirsi) u156083 |
| 041 0# - LANGUAGE CODE | |
| Language code of text/sound track or separate title | eng |
| 100 1# - MAIN ENTRY--PERSONAL NAME | |
| Personal name | Cooke, Layton |
| 245 04 - TITLE STATEMENT | |
| Title | The value of landed property demonstrated by practical deductions and illustrations, tending especially to facilitate the valuation of estates as applicable to the purposes of agriculture |
| 260 ## - PUBLICATION, DISTRIBUTION, ETC. | |
| Place of publication, distribution, etc. | London |
| Name of publisher, distributor, etc. | The author |
| Date of publication, distribution, etc. | 1844 |
| 300 ## - PHYSICAL DESCRIPTION | |
| Extent | vi, 104 p., [20] leaves of plates |
| Other physical details | ill. |
| Dimensions | 25 cm. |
| 583 ## - ACTION NOTE | |
| Action | Condition reviewed |
| Time/date of action | 20120620 |
| Status | condition level 4 |
| 651 #4 - SUBJECT ADDED ENTRY--GEOGRAPHIC NAME | |
| Geographic name | Great Britain |
| Chronological subdivision | 1707- |
| 690 ## - LOCAL SUBJECT ADDED ENTRY--TOPICAL TERM (OCLC, RLIN) | |
| Topical term or geographic name as entry element | Valuation |
| 9 (RLIN) | 6273 |
| 942 ## - ADDED ENTRY ELEMENTS (KOHA) | |
| Suppress in OPAC | 0 |
| Withdrawn status | Lost status | Source of classification or shelving scheme | Damaged status | Not for loan | Home library | Current library | Shelving location | Date acquired | Total Checkouts | Full call number | Barcode | Date last seen | Copy number | Price effective from | Koha item type |
|---|---|---|---|---|---|---|---|---|---|---|---|---|---|---|---|
| Dewey Decimal Classification | Historic collection | Historic collection | Historic collection | 30/04/2012 | QUARTO 1844 COOKE | 30077972 | 06/08/2019 | 1 | 06/08/2019 | Book | |||||
| Dewey Decimal Classification | Historic collection | Historic collection | Historic collection | 30/04/2012 | QUARTO 1844 COOKE | 156083-1002 | 06/08/2019 | 2 | 06/08/2019 | Book |